01241nam a2200265 a 450000100100000000500170001000800410002702000180006804000250008608200160011110000340012724501460016126000370030730000280034450000480037250000460042050400280046659000260049470000380052070000460055895201200060495201140072495201200083899900170095800004726420240321112818.0180425s2015 dr a 000 0 spa d a9789945123425 aDO-SdBNPbspacBNPHU axxxxbM538m1 aMéndez Matos, Sonnia97486010aMatemática 1-2-3-4-5-6 :bguía didáctica y solucionario /cSonnia Méndez Matos, Marta Escaño González, Margarita Luciano López. aSanto Domingo :bSusaeta,c2015. a204 p. :bil. ;c27 cm. aEnfoque por competencias nuevo currículo. aLa biblioteca posee la guía didáctica aBibliografía : p. 204 aInventariado, 2018/LP1 aEscaño González, Marta9748611 aLuciano López, Margarita,d1950-984993 0010718DSaGRbGRcHDd2018-04-25iLF1l0oxxxx M538mp47264-30r2020-06-25te. 3w2020-06-25yLFDSZNo se presta 0010718PDaPDbPDcHDd2018-04-25iLF1l0oxxxx M538mp47264-10r2020-06-25w2020-06-25yLFPDZNo se presta 0010718PDaPDbPDcHDd2018-04-25iLF1l0oxxxx M538mp47264-20r2020-06-25te. 2w2020-06-25yLFPDZNo se presta c46752d46752